[Event "Silver Lake Open-A 2018"]
[Site "Veliko Gradiste"]
[Date "2018.06.17"]
[Round "1"]
[White "Abramovic, Bosko"]
[Black "Parnali, S Dharia"]
[Result "1-0"]
[WhiteElo "2415"]
[BlackElo "2148"]
[Annotator "TA"]
[PlyCount "115"]
[EventDate "2018.06.17"]
[EventType "swiss"]
[EventCountry "SRB"]
[SourceTitle "playchess.com"]
[Source "ChessBase"]
[SourceQuality "1"]

{[%evp 26,115,-18,-40,13,13,13,13,13,11,23,25,17,9,8,7,53,36,62,61,66,68,56,51,59,46,94,87,64,54,44,76,139,118,121,120,128,126,141,141,141,141,187,141,141,130,141,141,141,141,141,141,141,141,141,141,151,153,183,153,354,331,356,353,353,342,358,313,2176,2713,6090,5297,5527,3468,29949,5202,6620,6294,29976,29977,29977,29974,29972,29972,29980,29981,29981,29982,29982,29983,29983,29984]} 1. d4 d5 2. Nf3 Nf6 3. c4 e6 4. g3 Be7 5. Bg2 O-O 6. O-O dxc4 7. Qa4 a6 8. Qxc4 b5 9. Qc2 Bb7 10. Bf4 Nc6 11. Rd1 Nb4 12. Qc1 Nbd5 13. Nc3 Rc8 14. Ne5 {LiveBook: 11 Games. E05: Open Catalan: 5 Nf3 Be7} (14. Nxd5 Bxd5 15. Be3 Ng4 16. Ne1 Bxg2 17. Nxg2 Qd5 18. h3 Nxe3 19. Qxe3 c5 20. Nf4 Qf5 21. dxc5 Bxc5 22. Qd3 Qf6 23. Qd2 Rfd8 {0-1 (50) Carlsen,M (2775)-Anand,V (2798) Mainz 2008}) 14... Nxc3 (14... c5 $15) 15. Qxc3 $11 Bxg2 16. Kxg2 {The position is equal.} Qd5+ 17. Qf3 Qxf3+ 18. Kxf3 c5 19. dxc5 Rxc5 20. Nd3 $146 ({Predecessor:} 20. Nd7 Nxd7 21. Rxd7 Bf6 {½-½ (36) Boehlig,H (2256)-Hampel,J (2194) Dresden 2008}) 20... Rc2 21. Rdc1 Rfc8 22. Rxc2 Rxc2 23. a4 $1 $36 {[%cal Ra4b5][%mdl 2048] And now axb5 would win. White has the initiative.} b4 24. Rc1 Rxc1 $1 25. Bxc1 $14 {[%mdl 4096] Endgame KBN-KBN} b3 26. e4 Nd7 27. Be3 Bf6 $1 28. Ke2 Ne5 ({Black should try} 28... g5) 29. Nxe5 Bxe5 $16 {KB-KB} 30. Bc1 Bd4 31. f3 Kf8 32. Kd3 Bg1 {[#]} 33. h3 $1 Ke7 34. Kc4 Kd6 35. Bd2 Bf2 36. Bb4+ ({But not} 36. Kxb3 $6 Bxg3 37. Kc4 Bf2 $11) 36... Kc6 37. g4 ({Of course not} 37. Kxb3 $6 Bxg3 38. Kc4 Bf2 $11) 37... g6 38. Kxb3 Bb6 39. Kc4 Be3 40. Bc3 Bb6 41. b4 {[%cal Bb2b4,Bb4b5][%mdl 32]} Bc7 42. Bd4 Kb7 $2 (42... Bf4 $16 {keeps fighting.} 43. b5+ axb5+ 44. axb5+ Kc7) 43. b5 $18 Bd8 44. f4 {[%cal Bf3f4,Bf4f5][%mdl 32]} Bc7 45. f5 Bd8 46. Bc3 Bg5 $2 (46... gxf5 47. exf5 (47. gxf5 exf5 48. exf5 Be7 $16) 47... exf5) 47. bxa6+ Kxa6 48. fxe6 fxe6 49. Kc5 Be7+ {[#]} 50. Kc6 $1 Bf8 51. Kd7 e5 52. Bxe5 {White mates.} Ka5 53. Bd6 Bg7 54. e5 {[%cal Be4e5,Be5e6][%mdl 32]} Kxa4 55. e6 Bf6 56. Be7 Bd4 57. g5 Be3 58. h4 {Precision: White = 85%, Black = 31%.} 1-0

[Event "Silver Lake Open-A 2018"]
[Site "Veliko Gradiste"]
[Date "2018.06.17"]
[Round "1"]
[White "Djordjevic, Vuk"]
[Black "Dudin, Gennadi"]
[Result "1-0"]
[WhiteElo "2399"]
[BlackElo "2215"]
[Annotator "ChessBase"]
[PlyCount "79"]
[EventDate "2018.06.17"]
[EventType "swiss"]
[EventCountry "SRB"]
[SourceTitle "playchess.com"]
[Source "ChessBase"]
[SourceQuality "1"]
[TimeControl "40/5400+30:900+30"]

1. d4 {[%emt 0:00:00]} Nf6 {[%emt 0:00:09]} 2. Bg5 {[%emt 0:00:02]} e6 {[%emt 0:00:50]} 3. e4 {[%emt 0:00:14]} d5 {[%emt 0:00:31]} 4. e5 {[%emt 0:03:35]} h6 {[%emt 0:00:07]} 5. Be3 {[%emt 0:04:33]} Nfd7 {[%emt 0:00:31]} 6. c3 {[%emt 0:05:17]} c5 {[%emt 0:00:42]} 7. f4 {[%emt 0:00:54]} Nc6 {[%emt 0:16:49]} 8. Nf3 {[%emt 0:02:48]} Be7 {[%emt 0:01:04]} 9. Bd3 {[%emt 0:03:15]} c4 {[%emt 0:10:09]} 10. Bc2 {[%emt 0:05:03]} b5 {[%emt 0:00:13]} 11. h4 {[%emt 0:06:56]} Nb6 {[%emt 0:16:47]} 12. h5 {[%emt 0:10:09]} Bd7 {[%emt 0:00:23]} 13. Nbd2 {[%emt 0:02:33]} a5 {[%emt 0:04:43]} 14. g4 {[%emt 0:08:29]} Qc7 {[%emt 0:01:42]} 15. O-O {[%emt 0:03:18]} O-O-O {[%emt 0:01:13]} 16. Rf2 {[%emt 0:02:54]} Kb7 {[%emt 0:09:44]} 17. Nf1 {[%emt 0:00:56]} Ka6 {[%emt 0:04:12]} 18. Ng3 {[%emt 0:02:48]} b4 {[%emt 0:01:42]} 19. Ne2 {[%emt 0:11:13]} Na7 {[%emt 0:02:16]} 20. Qd2 {[%emt 0:03:59]} Nb5 {[%emt 0:02:05]} 21. Qc1 {[%emt 0:03:26]} bxc3 {[%emt 0:02:56]} 22. a4 {[%emt 0:00:35]} Na7 {[%emt 0:03:26]} 23. bxc3 {[%emt 0:00:04]} Rb8 {[%emt 0:03:56]} 24. Ng3 {[%emt 0:02:52]} Rb7 {[%emt 0:02:51]} 25. f5 {[%emt 0:00:42]} Rhb8 {[%emt 0:04:27]} 26. Kh2 {[%emt 0:01:27]} Nbc8 {[%emt 0:02:14]} 27. f6 {[%emt 0:01:22]} gxf6 {[%emt 0:01:25]} 28. Bxh6 {[%emt 0:01:31]} fxe5 {[%emt 0:01:42]} 29. dxe5 {[%emt 0:00:33]} Nc6 {[%emt 0:02:17]} 30. Qf4 {[%emt 0:01:58]} f6 {[%emt 0:00:59]} 31. Bg7 {[%emt 0:01:39]} fxe5 {[%emt 0:00:11]} 32. Nxe5 {[%emt 0:00:33]} Bd6 {[%emt 0:00:11]} 33. Re1 {[%emt 0:01:39]} Be8 {[%emt 0:02:49]} 34. h6 {[%emt 0:02:05]} Qe7 {[%emt 0:00:42]} 35. Bf6 {[%emt 0:01:22]} Qf8 {[%emt 0:01:22]} 36. h7 {[%emt 0:00:40]} Nxe5 {[%emt 0:00:37]} 37. Bxe5 {[%emt 0:00:27]} Qxf4 {[%emt 0:00:18]} 38. Bxf4 {[%emt 0:00:19]} Bxf4 {[%emt 0:00:34]} 39. h8=Q {[%emt 0:00:37]} e5 {[%emt 0:00:29]} 40. Qxe8 1-0

[Event "Silver Lake Open-A 2018"]
[Site "Veliko Gradiste"]
[Date "2018.06.17"]
[Round "1"]
[White "Filev, Georgi"]
[Black "Sahin, Doga Boran"]
[Result "1-0"]
[WhiteElo "2390"]
[BlackElo "2129"]
[Annotator "NA"]
[PlyCount "63"]
[EventDate "2018.06.17"]
[EventType "swiss"]
[EventCountry "SRB"]
[SourceTitle "playchess.com"]
[Source "ChessBase"]
[SourceQuality "1"]
[TimeControl "40/5400+30:900+30"]

1. e4 {[%emt 0:00:00]} e6 {[%emt 0:00:02]} 2. d4 {[%emt 0:00:00]} d5 {[%emt 0:00:04]} 3. Nc3 {[%emt 0:00:00]} Nf6 {[%emt 0:00:05]} 4. e5 {[%emt 0:00:11]} Nfd7 {[%emt 0:00:04]} 5. f4 {[%emt 0:00:22]} c5 {[%emt 0:00:05]} 6. Nf3 {[%emt 0:00:09]} Nc6 {[%emt 0:00:05]} 7. Be3 {[%emt 0:00:20]} Be7 {[%emt 0:00:05]} 8. Qd2 {[%emt 0:01:22]} O-O {[%emt 0:00:19]} 9. dxc5 {[%emt 0:00:44]} Nxc5 {[%emt 0:00:09] C11: French: Classical System: 4 e5 and 4 Bg5 dxe4} 10. O-O-O {[%emt 0:01:05]} a6 {[%emt 0:00:03]} 11. Kb1 {[%emt 0:13:34]} b5 {[%emt 0:02:30]} 12. Qf2 {[%emt 0:01:39]} Na4 {[%emt 0:04:10]} 13. Nxa4 {[%emt 0:07:21]} bxa4 {[%emt 0:00:04]} 14. Nd4 {[%emt 0:00:29]} Qc7 {[%emt 0:16:09]} 15. Nxc6 {[%emt 0:04:57]} Qxc6 {[%emt 0:00:04] [#]} 16. Bd3 $146 {[%emt 0:00:35]} ({Predecessor:} 16. Bd4 Rb8 17. h4 {½-½ (31) Salem,A (2603)-Anton Guijarro,D (2614) Moscow 2015}) 16... a5 {[%emt 0:02:49]} 17. g4 {[%emt 0:05:43]} Ba6 {[%emt 0:01:04]} 18. Bxa6 {[%emt 0:02:11]} Rxa6 {[%emt 0:00:11]} 19. f5 {[%emt 0:00:09]} Rb8 {[%emt 0:04:55]} 20. Bd4 {[%emt 0:00:57]} Qb5 {[%emt 0:10:34]} 21. Rhf1 {[%emt 0:04:13]} Qe8 {[%emt 0:10:28]} 22. f6 {[%emt 0:08:06]} Bf8 {[%emt 0:05:25]} 23. fxg7 {[%emt 0:02:17]} Bxg7 {[%emt 0:00:04]} 24. Rd3 {[%emt 0:00:43]} Rc6 {[%emt 0:01:37]} 25. Rh3 {[%emt 0:07:59]} Rc4 {[%emt 0:07:13]} 26. g5 {[%emt 0:06:11]} Qe7 {[%emt 0:14:12]} 27. Qh4 {[%emt 0:13:27]} (27. c3 $142) 27... Rxb2+ {[%emt 0:01:49]} 28. Kxb2 {[%emt 0:00:16]} Qb4+ {[%emt 0:00:08]} 29. Ka1 $18 {[%emt 0:00:10]} Rxd4 {[%emt 0:00:02]} 30. Qxh7+ {[%emt 0:00:17]} Kf8 {[%emt 0:00:04]} 31. c3 {[%emt 0:04:05]} Qc4 {[%emt 0:01:54]} 32. Rhf3 {[%emt 0:02:52]} 1-0

[Event "Silver Lake Open-A 2018"]
[Site "Veliko Gradiste"]
[Date "2018.06.17"]
[Round "1"]
[White "Gajcin, Marina"]
[Black "Petrov, Nikita"]
[Result "0-1"]
[WhiteElo "2262"]
[BlackElo "2589"]
[Annotator "TA"]
[PlyCount "64"]
[EventDate "2018.06.17"]
[EventType "swiss"]
[EventCountry "SRB"]
[SourceTitle "playchess.com"]
[Source "ChessBase"]
[SourceQuality "1"]

{[%evp 18,64,14,2,8,-75,-67,-79,-66,-77,-23,-29,-21,-95,-83,-135,-142,-138,-125,-212,-217,-216,-173,-205,-179,-178,-174,-176,-162,-383,-383,-377,-367,-388,-356,-384,-374,-346,-375,-481,-483,-600,-597,-589,-586,-870,-872,-2541,-2258]} 1. e4 e5 2. Nf3 Nc6 3. Bc4 Bc5 4. O-O d6 5. c3 Nf6 6. d3 a6 7. a4 {C54: Giuoco Piano: 4 c3 Nf6, main lines with 5 d4 and 5 d3} Ba7 (7... h6 8. Nbd2 O-O 9. Re1 Re8 10. h3 Be6 11. Bxe6 Rxe6 12. b4 Ba7 13. Qc2 Qd7 14. Nf1 d5 15. Bd2 Rae8 {1-0 (26) Aronian,L (2764)-Mamedyarov,S (2808) Stavanger 2018}) 8. Bg5 h6 9. Bh4 g5 10. Bg3 {LiveBook: 12 Games} Nh7 {[%cal Bf6h7,Bh7f8,Bf8g6][%mdl 32]} 11. a5 $146 (11. b4 $11 {keeps the balance.}) ({Predecessor:} 11. Nbd2 Nf8 12. Kh1 Ng6 13. Ne1 h5 14. f3 f5 {½-½ (68) Strautins,V (2521)-Telepnev,I (2531) ICCF email 2015}) 11... Nf8 $17 12. d4 {[%cal Rd4e5]} Ng6 13. dxe5 g4 (13... h5 $17 {Hoping for ...h4.} 14. h4 (14. exd6 h4 $11) 14... gxh4) 14. Nd4 $11 {Black must now prevent Nxc6.} Ncxe5 15. Be2 (15. Na3 $11) 15... h5 $1 $17 {[%cal Bh6h5,Bh5h4][%mdl 32]} 16. f3 {[#]} (16. Kh1 $142) 16... h4 $1 {[%cal Rh4g3]} 17. Bf2 {[%cal Rf3g4] [#]} g3 $1 {[%cal Rg3f2]} 18. hxg3 (18. Be3 $17) 18... hxg3 $19 19. Bxg3 Qg5 20. Kf2 c5 21. Nc2 f5 $36 {[%mdl 2048] Black has strong initiative.} 22. exf5 Bxf5 23. Nba3 $2 (23. c4 {was the only chance.} Nf4 24. Ne3 Nfd3+ 25. Bxd3 Nxd3+ 26. Ke2 Qxg3 27. Nxf5 Nf4+ 28. Kd2 (28. Ke3 $2 Nxg2+ 29. Kd2 Qf4+ 30. Kc3 Qxf5 $19) 28... Qxg2+ 29. Kc3) 23... Nf4 24. Bxf4 Qxf4 25. Ke1 {[#]} d5 $1 {[%mdl 512]} 26. Qd2 (26. Qxd5 Rd8) 26... Qg3+ 27. Kd1 O-O-O 28. Kc1 d4 {Black is clearly winning.} 29. cxd4 cxd4 {[%cal Bc5d4,Bd4d3][%mdl 32] Strongly threatening ...d3.} 30. f4 d3 31. Qc3+ Nc6 32. Bd1 Qxg2 {Precision: White = 33%, Black = 89%.} 0-1

[Event "Silver Lake Open-A 2018"]
[Site "Veliko Gradiste"]
[Date "2018.06.17"]
[Round "1"]
[White "Pogan, Nikolas"]
[Black "Atalik, Suat"]
[Result "1/2-1/2"]
[WhiteElo "2260"]
[BlackElo "2512"]
[Annotator "TA"]
[PlyCount "40"]
[EventDate "2018.06.17"]
[EventType "swiss"]
[EventCountry "SRB"]
[SourceTitle "playchess.com"]
[Source "ChessBase"]
[SourceQuality "1"]

{[%evp 15,40,38,60,46,76,72,88,74,77,89,85,81,99,54,52,64,50,72,68,51,54,53,28,14,2,7,13]} 1. d4 Nf6 2. Nf3 d5 3. c4 e6 4. g3 dxc4 5. Bg2 Bb4+ 6. Bd2 a5 7. O-O Nc6 8. e3 Rb8 {LiveBook: 9 Partien. E11: Damenindisch (Bogoljubow-Variante)} 9. Qc2 (9. Qe2 b5 10. a4 Ba6 11. axb5 Bxb5 12. Bc3 O-O 13. Na3 Ba6 14. Rfc1 Ne4 15. Qc2 Nxc3 16. bxc3 Bxa3 17. Rxa3 {½-½ (42) Ernst,S (2587)-Sokolov,I (2642) Maastricht 2013}) 9... b5 10. a4 bxa4 $146 {Weiß steht besser.} ({Vorgänger:} 10... Bxd2 11. axb5 Bxe3 12. fxe3 Nb4 13. Qxc4 Nfd5 14. Qe2 O-O 15. Nc3 c6 16. Nxd5 exd5 {½-½ (44) Bente,B (2245)-Goganov,A (2492) Rijeka 2010}) 11. Qxc4 Rb6 12. Rc1 Ba6 13. Qc2 O-O 14. Nc3 Bxc3 $1 15. Bxc3 Bb5 16. Ne5 Nd5 17. Nxc6 Rxc6 18. Qd2 Nxc3 19. Rxc3 Rxc3 20. Qxc3 Qd6 1/2-1/2

[Event "Silver Lake Open-A 2018"]
[Site "Veliko Gradiste"]
[Date "2018.06.17"]
[Round "1"]
[White "Cvetkovic, Srdjan"]
[Black "Kadric, Denis"]
[Result "1/2-1/2"]
[WhiteElo "2250"]
[BlackElo "2509"]
[Annotator "TA"]
[PlyCount "98"]
[EventDate "2018.06.17"]
[EventType "swiss"]
[EventCountry "SRB"]
[SourceTitle "playchess.com"]
[Source "ChessBase"]
[SourceQuality "1"]

{[%evp 11,98,12,13,6,20,0,0,1,13,0,0,-7,23,19,20,13,22,10,22,0,0,0,0,0,0,0,0,0,0,0,0,0,0,0,31,31,31,31,36,42,42,22,31,24,122,131,122,35,125,0,62,6,9,0,0,0,0,0,0,0,0,0,0,0,0,0,0,0,0,0,0,0,0,0,0,0,0,0,0,0,0,0,0,0,0,0,0,0,0]} 1. c4 e5 2. g3 d6 3. Nc3 f5 4. d4 Be7 5. dxe5 (5. Bh3 Na6 6. a3 c6 7. dxe5 dxe5 8. Qc2 e4 9. f3 Nf6 10. fxe4 fxe4 11. Bxc8 Rxc8 12. Nxe4 Nxe4 13. Qxe4 {½-½ (23) Giri,A (2762)-Vallejo Pons,F (2705) Palma de Mallorca 2017}) 5... dxe5 6. Qxd8+ {A21: English Opening: 1...e5 2 Nc3} Bxd8 {LiveBook: 12 Games} 7. b3 c6 8. Bb2 Nf6 9. Nf3 $146 ({Predecessor:} 9. Bg2 a5 10. Nf3 Nbd7 11. O-O O-O 12. Rad1 Be7 {1-0 (32) Valdes Romero,L (2180)-Hernandez Basante,F (2230) Costa Rica 1996}) 9... Nbd7 10. Bh3 g6 11. O-O O-O 12. e4 Nxe4 13. Nxe4 fxe4 14. Be6+ Kg7 15. Nxe5 (15. Nd2 {feels hotter.} Nc5 16. Bxc8 Rxc8 17. Rad1 Bc7 18. Ba3) 15... Nxe5 16. Bxe5+ Bf6 17. Bxf6+ Kxf6 18. Bxc8 Raxc8 $11 {[%mdl 4096] Endgame KRR-KRR} 19. Rae1 Rfe8 20. Re3 Rcd8 21. f3 exf3 22. Rfxf3+ (22. Rexf3+ {is more complex.} Kg5 23. Rf7 Re2 24. Rxh7 Rdd2 25. Rf4) 22... Kg5 23. Rxe8 Rxe8 $14 {KR-KR} 24. Rf7 Re1+ 25. Kf2 Ra1 26. Rxh7 {Strongly threatening a4.} Rxa2+ 27. Kf3 {And now h4+ would win.} b6 (27... b5 $11 {keeps the balance.}) 28. h4+ $1 $16 Kf6 {[#]} 29. g4 ({White should play} 29. Rc7 $1 $16) 29... Rb2 {[#]} ({Black should try} 29... Rh2 $14) 30. Ke4 (30. g5+ $1 $16 Ke5 31. Re7+ Kf5 32. Rf7+ Ke5 33. Re7+ Kf5 34. Rf7+ Ke5 35. Re7+) 30... Re2+ (30... Rh2 $11) 31. Kd3 (31. Kf4 $1 $14) 31... Rh2 $11 {The position is equal.} 32. h5 Rh3+ 33. Kc2 gxh5 34. gxh5 Ke5 35. Rxa7 Kd4 36. Rb7 Rh2+ 37. Kb1 Kc5 38. b4+ Kxb4 39. Rxb6+ Kc5 40. Ra6 Rh4 41. Ra4 Rh2 42. Ra6 Kd6 43. Ra5 Rh4 44. Kc2 Rxc4+ 45. Kd3 Rh4 46. Rg5 c5 47. Rg8 c4+ 48. Kc3 Rxh5 49. Kxc4 Ke5 {Precision: White = 48%, Black = 60%.} 1/2-1/2

[Event "Silver Lake Open-A 2018"]
[Site "Veliko Gradiste"]
[Date "2018.06.17"]
[Round "1"]
[White "Mastrapovic, Vladimir"]
[Black "Cvitan, Ognjen"]
[Result "0-1"]
[WhiteElo "2237"]
[BlackElo "2492"]
[Annotator "TA"]
[PlyCount "72"]
[EventDate "2018.06.17"]
[EventType "swiss"]
[EventCountry "SRB"]
[SourceTitle "playchess.com"]
[Source "ChessBase"]
[SourceQuality "1"]

{[%evp 21,72,15,0,0,0,0,0,-22,-12,-13,0,0,0,-8,-8,-3,0,-6,-4,-39,-29,-58,-54,-64,-65,-72,-67,-78,-85,-117,-116,-152,-160,-151,-152,-219,-204,-303,-334,-339,-340,-292,-302,-329,-304,-423,-325,-452,-436,-1370,-1257,-29997,-29998]} 1. d4 Nf6 2. Nf3 d5 3. g3 g6 4. Bg2 Bg7 5. c4 dxc4 6. Na3 c3 7. bxc3 O-O 8. O-O c5 9. Bb2 Nc6 10. e3 Bf5 11. Nc4 {D77: Fianchetto Grünfeld: 6 0-0: Replies other than 6...c6} Rc8 {LiveBook: 3 Games} 12. Nfe5 Be4 13. f3 {The position is equal.} Bd5 14. Qe2 $146 ({Predecessor:} 14. Nxc6 Bxc6 15. Ne5 Nd5 16. Re1 cxd4 17. exd4 e6 18. Qb3 Bxe5 19. Rxe5 {0-1 (32) Butnorius,A (2441)-Efimenko,Z (2638) Gibraltar 2008}) 14... cxd4 15. cxd4 Nxe5 16. Nxe5 Nd7 {And now ...Nxe5 would win.} 17. Rfc1 Nxe5 18. dxe5 Qa5 19. Bd4 b6 20. Qb2 e6 21. a3 Rfd8 {[%cal Bf8d8,Bd8c8,Bc8c4][%mdl 32]} 22. Qb4 Qa6 23. Bf1 Qb7 24. Rxc8 Rxc8 25. e4 Bf8 26. Qb2 Bc4 {[%cal Bd5c4,Bc4d3,Bd3e4][%mdl 32]} 27. Bg2 Qa6 28. f4 (28. h4 $17) 28... Bd3 29. a4 (29. Bf3 {was called for.}) 29... Rc4 $19 30. Be3 Rxa4 31. Rd1 Bxe4 32. Bf1 Qa5 33. f5 {White wants to play Rd8.} Bd5 34. Rc1 Ra2 35. Qb1 (35. Qc3 $142 gxf5 36. Qxa5 bxa5 37. Rc8) 35... Qa3 {[%cal Ra3e3] [#]} 36. Bf2 Qf3 {Precision: White = 19%, Black = 81%.} 0-1

[Event "Silver Lake Open-A 2018"]
[Site "Veliko Gradiste"]
[Date "2018.06.17"]
[Round "1"]
[White "Baum, Jonasz"]
[Black "Stojanovic, Mihajlo"]
[Result "0-1"]
[WhiteElo "2230"]
[BlackElo "2488"]
[Annotator "TA"]
[PlyCount "70"]
[EventDate "2018.06.17"]
[EventType "swiss"]
[EventCountry "SRB"]
[SourceTitle "playchess.com"]
[Source "ChessBase"]
[SourceQuality "1"]

{[%evp 14,70,20,20,24,8,4,1,0,0,11,0,35,-7,0,-85,-20,-37,-5,-12,18,-15,-17,-16,-9,-69,-96,-140,-140,-195,-201,-194,-193,-218,-222,-225,-214,-217,-208,-270,-256,-372,-370,-675,-653,-665,-665,-812,-801,-1342,-1328,-1267,-1251,-1943,-1890,-1836,-1717,-1541,-1561]} 1. e4 e6 2. d4 d5 3. e5 c5 4. c3 Qb6 5. Nf3 Nc6 6. Na3 Bd7 {C02: French: Advance Variation} (6... cxd4 7. cxd4 Bd7 8. Nc2 Rc8 9. Be2 Nb4 10. Ne3 Bb5 11. O-O Bxe2 12. Qxe2 Nc6 13. b3 Bb4 14. Bb2 Qa6 15. Qxa6 bxa6 16. Rfc1 {½-½ (27) Tukhaev,A (2575)-Atalik,S (2545) Mumbai 2018}) 7. Nc2 f6 8. Bd3 {LiveBook: 3 Games} fxe5 {The position is equal.} 9. Nxe5 Nxe5 10. dxe5 Ne7 11. O-O c4 12. Be2 Nc6 13. Be3 $146 ({Predecessor:} 13. Re1 Bc5 14. Be3 {1-0 (36) Riffo Paz,E (2159)-Vargas Maliqueo,I (2272) Santiago de Chile 2002}) 13... Bc5 14. Bd4 (14. b3 $11) 14... O-O (14... Bxd4 $17 15. Nxd4 Qxb2) 15. Qd2 Nxd4 16. Nxd4 Be8 {[%cal Bd7e8,Be8f7,Bf7g6,Bg6d3][%mdl 32]} 17. Bg4 Bf7 18. Rfd1 Rae8 19. Qe2 (19. a4 $11) 19... Bg6 $15 {Strongly threatening ...Bd3.} 20. Rd2 {[#]} Rf4 $1 21. Bf3 (21. g3 $17 Bd3 22. Qd1) 21... Bd3 $19 22. Qe3 Ref8 23. Rad1 Bxd4 24. cxd4 Qxd4 25. Qxd4 Rxd4 26. b3 b5 {[%cal Bb7b5,Bb5b4][%mdl 32]} 27. bxc4 (27. Rc1 {was necessary.}) 27... dxc4 {[%cal Bd5c4,Bc4c3,Bc3c2][%mdl 32]} 28. Rb2 $2 (28. Bc6 b4 29. Ba4) 28... c3 {Black is clearly winning.} 29. Rb3 b4 30. h3 a5 31. Bc6 c2 32. Rc1 Bg6 {[#] Hoping for ...Rd1+.} 33. Re3 Rd1+ 34. Re1 Rxe1+ 35. Rxe1 Rc8 {Precision: White = 25%, Black = 72%.} 0-1

[Event "Silver Lake Open-A 2018"]
[Site "Veliko Gradiste"]
[Date "2018.06.17"]
[Round "1"]
[White "Uysal, Burak"]
[Black "Pikula, Dejan"]
[Result "0-1"]
[WhiteElo "2210"]
[BlackElo "2471"]
[Annotator "TA"]
[PlyCount "108"]
[EventDate "2018.06.17"]
[EventType "swiss"]
[EventCountry "SRB"]
[SourceTitle "playchess.com"]
[Source "ChessBase"]
[SourceQuality "1"]

{[%evp 17,108,41,44,46,43,22,66,61,85,91,93,54,67,55,55,55,55,55,55,53,45,49,59,-14,0,-5,0,-2,-2,-2,-2,-2,-6,-159,-128,-146,0,-733,-691,-602,-25,-24,-31,-32,369,370,370,367,344,86,96,-223,-229,-224,-223,-216,-197,-191,-161,-325,-321,-1003,-823,-437,-368,-1347,-12751,-12830,-12830,-12832,-12831,-12829,-12831,-12832,-12832,-12833,-12833,-12835,-12835,-12837,-12837,-12838,-12837,-12839,-12839,-12840,-12841,-12841,-12842,-12842,-12840,-12844,-12844]} 1. e4 d6 2. d4 Nf6 3. Nc3 e5 4. Nf3 Nbd7 5. Bc4 Be7 6. a4 {[%cal Ba2a4,Ba4a5][%mdl 32]} O-O 7. O-O c6 8. h3 h6 9. Re1 Re8 10. a5 {C41: Philidor Defence} Bf8 11. d5 Qc7 (11... b5 12. Bb3 b4 13. dxc6 bxc3 14. cxd7 Bxd7 15. bxc3 Qc7 16. Qd3 {½-½ (32) Sethuraman,S (2623)-Ivanchuk,V (2731) Tsaghkadzor 2015}) 12. Be3 {White is slightly better.} a6 13. Nd2 $146 ({Predecessor:} 13. Qd3 c5 14. Ne2 b5 15. axb6 Nxb6 16. Bb3 a5 {1-0 (42) Parligras,M (2431)-Badea,B (2530) Targoviste 2001}) 13... cxd5 14. Nxd5 (14. Bxd5 {seems wilder.} Nc5 15. Qf3 Ne6 16. Bb6 Qe7 17. Rad1) 14... Nxd5 15. Bxd5 Nf6 16. Bb6 Qe7 17. Nf1 Nxd5 18. Qxd5 Be6 19. Qd3 Qg5 20. g4 (20. Rad1 $14) 20... h5 21. f3 Rac8 $36 {[%mdl 2048] Black has good play.} 22. b3 hxg4 23. hxg4 {[#]} d5 $1 {[%mdl 512]} 24. exd5 e4 25. fxe4 $2 ({Better is} 25. Qd2 $11 Qxd5 26. Qxd5 Bxd5 27. Ne3) 25... Bxg4 $17 {( -> ...Bf3+)} 26. Qg3 Qg6 ({Much weaker is} 26... Rxc2 $6 27. e5 $11 (27. Ne3 Rc3 $11)) (26... Re5 $17 27. c4 Qh5) 27. Nh2 $2 {[%mdl 8192]} (27. e5 $11) 27... Bd6 $19 28. Qg2 Rxc2 $2 ({Black should try} 28... Bxh2+ $19 29. Qxh2 (29. Kxh2 $2 Qh5+ 30. Kg1 Bf3 $19) 29... Bf3+ 30. Kf1 Bxe4) 29. Qxc2 $11 Bf3+ $1 30. Kf1 Bxh2 $2 {[%mdl 8192]} (30... Bxe4 $15 {stays ahead.} 31. Rxe4 Qf5+ 32. Qf2 Qxe4) 31. Qxh2 $18 Bxe4 {intending ...Re5.} 32. Rad1 Re5 {[%cal Be8e5,Be5h5,Bh5h1][%mdl 32] [#] Threatens to win with ...Bd3+.} 33. Re3 $2 (33. Re2 $18 {is the precise move to win.} Rh5 34. Qb8+ Kh7 35. Rh2) 33... Rh5 $16 34. Qg3 $2 {[%mdl 8192]} (34. Qb8+ $16 {is necessary to keep the advantage.} Kh7 35. Rg3 Rh1+ 36. Bg1 Qf6+ 37. Ke2) 34... Rh1+ $19 35. Kf2 {And now Qb8+ would win.} Qf5+ 36. Rf3 Bxf3 37. Rxh1 Bxh1+ 38. Kg1 $2 (38. Ke3 Qe4+ 39. Kd2) 38... Bxd5 ({Don't play} 38... Qb1+ 39. Kf2 $19) 39. Qb8+ $2 (39. Be3) 39... Kh7 40. Qh2+ Kg6 41. Qg3+ $2 (41. Qe2) 41... Qg5 {Black is clearly winning.} 42. Qxg5+ Kxg5 {[%mdl 4096] Endgame KB-KB} 43. b4 Kg4 44. Bd4 g5 45. Bf6 Kf5 46. Bd8 Kg6 47. Kf2 f5 {[%cal Bf7f5,Bf5f4,Bf4f3][%mdl 32]} 48. Ke3 Bc6 49. Kd4 Kh5 50. Ke5 Kg4 51. Bb6 f4 52. Kf6 f3 53. Bf2 Kf4 54. Kg6 g4 {Precision: White = 33%, Black = 65%.} 0-1